| 000 | 00488nam a2200157 a 4500 | ||
|---|---|---|---|
| 001 | 000035415 | ||
| 005 | 20200930074326.0 | ||
| 008 | 111031s2004 fr a 000 0 spa d | ||
| 040 |
_aDO-SdBNP _bspa _cBNPHU |
||
| 082 | _aXXXX | ||
| 100 | 1 |
_aAugé, Claude _961247 |
|
| 245 | 1 | 0 |
_aGrammaire cours moyen / _cClaude Augé. |
| 260 |
_aParis : _bLibrairie Larousse, _c[191u]? |
||
| 300 |
_a287 p. : _bil. ; _c18 cm. |
||
| 590 | _aPerteneció a la biblioteca personal de Juan Isidro Jimenes Grullón | ||
| 999 |
_c34906 _d34906 |
||